000 00717nam a22001935i 4500
001 170562
003 ES-MaACL
005 20230906214410.0
008 090317s1985 fr |||| | fre d
080 _a821.133.1-2"18"
080 _a821.133.1 Rostand, Edmond 1.06
100 0 _aRostand, Edmond.
_999921
245 1 1 _a[Chantecler /
_cEdmond Rostand].
260 _aParis :
_bThéâtre Magazine,
_c1985.
300 _a106 p. :
_bil. ;
_c29 cm.
500 _aLa obra es la parte principal del nº 1 de la revista "Théâtre Magazine", nº 1 novembre de 1985.
600 1 4 _aRostand, Edmond-
_xCrítica e interpretación.
_9139641
852 _aES-MaACL
_j2278-F-6
_9R.141186
_z.- Biblioteca Jacinto Martínez Lacalle
999 _c170562
_d170562